LIBRARY & INFORMATION CENTRE, KCAET, TAVANUR

ONLINE PUBLIC ACCESS CATALOGUE (OPAC)

Melangal Kavithakal / (Record no. 4833)

MARC details
000 -LEADER
fixed length control field 00274cam a2200109ua 4500
082 ## - DEWEY DECIMAL CLASSIFICATION NUMBER
Classification number 894.8121
Item number ACH/ME
100 ## - MAIN ENTRY--AUTHOR NAME
Personal name Achutha Menon, Melangath .
245 ## - TITLE STATEMENT
Title Melangal Kavithakal /
260 ## - PUBLICATION, DISTRIBUTION, ETC. (IMPRINT)
Place of publication :
Name of publisher Melangath Narayanan Kutty ,
Year of publication 1964.
300 ## - PHYSICAL DESCRIPTION
Number of Pages 131 ; .
942 ## - ADDED ENTRY ELEMENTS (KOHA)
Koha item type Books
Holdings
Withdrawn status Lost status Damaged status Home library Current library Date acquired Full call number Accession Number Koha item type Public note
Withdrawn     KAUAET Malayalam University 07/04/2012 894.8121 9004 Books Transferred to Malayalam University
free website counter